000 01034cam a2200361 4500
001 a43097
003 DO-SdBNP
005 20180216141524.0
007 a43097
008 080724s1993 sp a |||| 000 1 spa
015 _a
017 _a
_b
020 _a9788434829673
035 _a
040 _aBPMSU
_bspa
_cBPMSU
_e
080 _a
082 _a863.6
_bV716b1993
086 _a
100 1 _aVillanes Cairo, Carlos,
_d1945-
245 1 4 _aLas ballenas cautivas /
_cCarlos Villanes Cairo ; ilustraciones, Esperanza León.
_h
250 _a4ª ed.
260 _aMadrid :
_bSM,
_c1993
300 _a109 p. :
_bil. ;
_c19 cm
490 1 _aEl barco de vapor.
_aSerie naranja
_v71
500 _aA partir de 9 años
650 _aCUENTOS INFANTILES PERUANOS
650 _aLITERATURA INFANTIL PERUANA
700 1 2 _aLeón, Esperanza,
_d1956-
_eil.
830 0 _aEl barco de vapor.
_pSerie naranja
_v71
942 _2ddc
_cBK
945 _aInventariado, 2018 /LP
956 _aVMATEO
_210
_320160412
_6BPMSU
_80069
999 _c12124
_d12124